Music Quiz

Random Music or Billboard Quiz
Score 0/23 Timer 08:00
1 Play Today
Songs (Peak Chart Posistion) Artist % Correct
Moneytalks (23), You Shook Me All Night (35), Back In Black (37)AC/DC
84.2%
(You Gotta) Fight For Your Right (To Party!) (7), Intergalactic (28), Hey Ladies (36)Beastie Boys
77.8%
Walk This Way (4), Down With The King (21), You Be Illin (29)Run-DMC
70.6%
Hush (4), Smoke On The Water (4), Kentucky Woman (38)Deep Purple
70.3%
Mr Brightside (10), When You Were Young (14), Human (32)The Killers
64%
Sunshine Of Your Love (5), White Room (6), Crossroads (28)Cream
63.6%
Venus (1), I Heard A Rumour (4), Cruel Summer (9)Bananarama
63.1%
My Sharona (1), Good Girls Don't (11), Baby Talks Dirty (38)The Knack
60.5%
Walking on Sunshine (9), That's the Way (16), Do You Want Crying? (37)Katrina and the Waves
58.1%
Lovesong (2), Friday I'm In Love (18), Just Like Heaven (40)The Cure
57.2%
I Ran (So Far Away) (9), Wishing (I Had A Photograph Of You) (26), Space Age Love Song (30)A Flock Of Seagulls
56.2%
Wild Thing (1), Love Is All Around (7), With A Girl Like You (29)The Troggs
45.9%
Songs (Peak Chart Posistion) Artist % Correct
(I Just) Died In Your Arms (1), I've Been In Love Before (9), One For The MockingbirdCutting Crew
39.8%
True (4), Gold (29), Only When You Leave (34)Spandau Ballet
39.5%
She's Not There (2), Time Of The Season (3), Tell Her No (6)The Zombies
39%
A Whiter Shade Of Pale (5), Conquistador (16), Homburg (34)Procol Harum
38.9%
Stay (I Missed You) (1), I Do (17), Do You Sleep (18)Lisa Loeb
35.1%
Soul Man (2), I Thank You (9), Hold On, I'm Coming (21)Sam & Dave
33.7%
Escape (the Pina Colada Song) (1), Him (6), Answering Machine (32)Rupert Holmes
32.4%
Baby Come Back (1), This Time I'm In It For Love (10), Prisoner of Your Love (27)Player
19.5%
Day By Day (18), And We Danced (21), Where Do The Children Go (38)The Hooters
18.4%
Fallin' In Love (1), Don't Pull Your Love (4), Winners And Losers (21)Hamilton, Joe Frank & Reynolds
9.7%
98.6 (7), Tell Me To My Face (37), Ain't Gonna Lie (39)Keith
6.8%
Remove Ads.
Support Sporcle.
Get the best of Sporcle when you Go Orange. This ad-free experience offers more features, more stats, and more fun while also helping to support Sporcle. Thank you for becoming a member.

You're not logged in!

Compare scores with friends on all Sporcle quizzes.
OR
Log In

Show Comments

Extras

Top Quizzes Today


Score Distribution

Your Account Isn't Verified!

In order to create a playlist on Sporcle, you need to verify the email address you used during registration. Go to your Sporcle Settings to finish the process.

Report this User

Report this user for behavior that violates our Community Guidelines.

Details: